| 000 | 00329 a2200133 4500 | ||
|---|---|---|---|
| 005 | 20250623083604.0 | ||
| 020 | _a0 406 59485 6 | ||
| 082 | _a349.420 HEY | ||
| 100 | _aHEYDON, J.D. | ||
| 245 | _aCases and Materials on Evidence. | ||
| 260 |
_aLondon, _bButterworths, _c1975. |
||
| 300 |
_axxiii,451p.: _bIndex _c26cm |
||
| 942 |
_2ddc _cBKS |
||
| 999 |
_c554 _d554 |
||